000 00419nam a2200157Ia 4500
001 16193
003 IN-NITTTR
005 20251114233153.0
008 251113s9999||||xx |||||||||||||| ||eng||
040 _beng
040 _cIN-NITTTR
041 _aeng
082 _a338.954 S51
245 0 _aSome problems of India's economic policy :
_b selected readings on planning, agriculture and foreign trade /
942 _2ddc
_cBK
999 _c18827
_d18827